[Event "Mechanics' Spring TNM; 30/90, SD/30"]
[Site "San Francisco"]
[Date "2014.04.08"]
[Round "4.8"]
[White "Gray, William"]
[Black "Drane, Robert"]
[Result "1-0"]
[WhiteElo "2034"]
[BlackElo "1800"]
[PlyCount "43"]
[EventDate "2014.??.??"]

1. Nf3 f5 2. d3 d5 3. g3 Nf6 4. Bg2 e6 5. O-O Bd6 6. Nbd2 Nbd7 7. e4 fxe4 8.
dxe4 O-O 9. Qe2 Nxe4 10. Nxe4 dxe4 11. Ng5 Nf6 12. Be3 Qe7 13. Nxe4 Nxe4 14.
Bxe4 e5 15. Rad1 c6 16. Qh5 g6 17. Bxg6 Rf6 18. Bg5 hxg6 19. Qh4 Kg7 20. Bxf6+
Qxf6 21. Qxf6+ Kxf6 22. Rxd6+ 1-0

[Event "Mechanics' Spring TNM; 30/90, SD/30"]
[Site "San Francisco"]
[Date "2014.03.18"]
[Round "1.10"]
[White "Gray, William"]
[Black "Frank, Robert"]
[Result "1-0"]
[WhiteElo "2034"]
[BlackElo "1438"]
[PlyCount "37"]
[EventDate "2014.??.??"]

1. e4 e5 2. Nf3 Nf6 3. Nxe5 d6 4. Nf3 Nxe4 5. Nc3 Nxc3 6. dxc3 Be7 7. Be3 O-O
8. Qd2 c5 9. Bc4 Be6 10. Bd5 Nc6 11. O-O-O a5 12. Rhe1 Qc7 13. Bxe6 fxe6 14.
Bg5 Bxg5 15. Nxg5 Qe7 16. Rxe6 Qc7 17. Rxd6 Qc8 18. Qd5+ Kh8 19. Nf7+ 1-0

[Event "Mechanics' Winter TNM; 30/90, SD/30"]
[Site "San Francisco"]
[Date "2014.02.25"]
[Round "8.8"]
[White "Gray, William"]
[Black "MacIntyre, Brendan"]
[Result "1-0"]
[WhiteElo "2034"]
[BlackElo "1688"]
[Annotator "Donaldson"]
[PlyCount "43"]
[EventDate "2014.??.??"]

1. e4 c5 2. Nf3 Nc6 3. d4 cxd4 4. Nxd4 g6 5. Nc3 Bg7 6. Be3 d6 7. Qd2 Nf6 8. f3
Bd7 9. g4 Na5 10. O-O-O Rc8 11. h4 Nc4 12. Bxc4 Rxc4 13. h5 Bxg4 14. h6 $1 Bf8
15. fxg4 Nxg4 16. Nf3 Nxe3 17. Qxe3 Qa5 18. e5 Qc5 19. Qe2 e6 20. exd6 Bxd6 {
Diagram #} 21. Rxd6 Rxc3 22. Rxe6+ 1-0

[Event "Mechanics' Winter TNM; 30/90, SD/30"]
[Site "San Francisco"]
[Date "2014.01.14"]
[Round "2.6"]
[White "Gray, William"]
[Black "Sherwood, Peter"]
[Result "1-0"]
[WhiteElo "2034"]
[BlackElo "1808"]
[PlyCount "29"]
[EventDate "2014.??.??"]

1. e4 c5 2. Nc3 Nc6 3. Nf3 d6 4. d4 cxd4 5. Nxd4 Nf6 6. Be2 g6 7. Bg5 Bg7 8.
Nb3 Be6 9. O-O O-O 10. f4 Qb6+ 11. Kh1 Rad8 12. f5 Bc8 13. Bxf6 exf6 14. Nd5
Qa6 15. Bxa6 1-0

[Event "Mechanics' Winter TNM; 30/90, SD/30"]
[Site "San Francisco"]
[Date "2014.01.28"]
[Round "4.2"]
[White "Gray, William"]
[Black "Uzzaman, Ashik"]
[Result "1/2-1/2"]
[WhiteElo "2034"]
[BlackElo "1882"]
[Annotator "Donaldson"]
[PlyCount "108"]
[EventDate "2014.??.??"]

1. e4 c5 2. Nf3 g6 3. c3 Bg7 4. d4 cxd4 5. cxd4 d5 6. e5 Nc6 7. h3 f6 8. exf6
Nxf6 9. Nc3 O-O 10. Bb5 a6 11. Bxc6 bxc6 12. O-O Nh5 13. Re1 Qd6 14. Bg5 Rf7
15. Ne5 Bxe5 16. Rxe5 Bd7 17. Qe2 e6 18. Na4 Raf8 19. Bh6 Ng7 20. Bxg7 Kxg7 21.
Rf1 {Diagram #} c5 $5 {The only practical try as otherwise after Nc5 Black
suffers with bad bishop versus good knight. The only problem is it shouldn't
work.} 22. Nxc5 Bb5 23. Nd3 $6 (23. Qe3 {as} Bxf1 24. Nxe6+ Kg8 25. Nxf8 Rxf8
26. Kxf1 {leaves White two pawns up.}) 23... Qb6 24. Qe3 Bxd3 25. Qxd3 Qxb2 26.
Re2 Qb6 27. Qe3 Re8 28. Qe5+ {
White is still slightly better but Black has ended most of his suffering.} Kg8
29. Rc1 Rf5 30. Qe3 e5 $6 {This is to optimistic. Safer was holding tight with}
(30... Rf7 $14) 31. g4 $1 Rf4 32. dxe5 Qxe3 33. Rxe3 d4 34. Ree1 d3 35. Rcd1
Rd4 36. e6 g5 37. Re3 d2 38. Kf1 Kg7 39. Ke2 Kf6 40. Rxd2 Rxd2+ 41. Kxd2 {
White is winning.} Ke7 42. Kc3 (42. Re5 h6 43. Ke3) 42... Rf8 43. Re2 $2 (43.
f3 $18) 43... Rf3+ $2 (43... Rf4 {
Was a strong defensive move preventing White's king from advancing.}) 44. Kd4
Rxh3 45. Ke5 Ra3 46. Rd2 Ra5+ 47. Rd5 $1 Rxa2 48. Rd7+ Ke8 {Diagram #} 49. Rxh7
$2 ({
White's king needs shelter from enemy rook checks. White was still winning with
} 49. f4 $1 gxf4 50. Kf6) 49... Rxf2 50. Ra7 Rf4 51. Rxa6 Rxg4 52. Kf6 Rf4+ 53.
Kxg5 Rf1 54. Ra4 Ke7 1/2-1/2

[Event "Mechanics' Winter TNM; 30/90, SD/30"]
[Site "San Francisco"]
[Date "2014.02.04"]
[Round "5.6"]
[White "Grey, Peter"]
[Black "Anderson, Michael"]
[Result "0-1"]
[WhiteElo "2000"]
[BlackElo "1928"]
[PlyCount "42"]
[EventDate "2014.??.??"]

1. d4 f5 2. g3 g6 3. Bg2 Bg7 4. Nf3 Nf6 5. O-O O-O 6. c4 d6 7. Nc3 Kh8 8. b3 c6
9. Bb2 Bd7 10. d5 Rg8 11. Nd4 Qc8 12. Qd2 c5 13. Ne6 Bxe6 14. dxe6 Nc6 15. Nd5
Rb8 16. Nxf6 Bxf6 17. Bd5 Nd8 18. e4 fxe4 19. Rae1 Nxe6 20. Rxe4 Nd4 21. Rxe7
$4 Bxe7 0-1

[Event "Mechanics' Whitehead TNM; 30/90, SD/30"]
[Site "San Francisco"]
[Date "2014.09.23"]
[Round "8.9"]
[White "Grey, Peter"]
[Black "Askin, Michael"]
[Result "1-0"]
[WhiteElo "2000"]
[BlackElo "1913"]
[Annotator "Donaldson"]
[PlyCount "65"]
[EventDate "2014.??.??"]

1. c4 e5 2. Nc3 Nf6 3. Nf3 Nc6 4. e3 Bb4 5. Qc2 d6 6. d3 a6 7. a3 Bxc3+ 8. Qxc3
O-O 9. Be2 a5 10. h3 Qe7 11. e4 Ne8 12. O-O f5 13. exf5 Bxf5 14. Be3 Nf6 15. b4
Qd7 16. b5 Ne7 17. Kh2 Ng6 18. Rad1 Nh5 19. Nxe5 Nxe5 20. Bxh5 g6 21. Be2 Bxh3
22. gxh3 Nf3+ 23. Kg3 Qf5 24. Bxf3 Qxf3+ 25. Kh2 Rf5 26. h4 $2 {Diagram #} (26.
Bh6 Rf7 27. Qd2 {would have refuted the sacrifice.}) 26... Re8 $2 ({
forces a draw by perpetual check.} 26... Rf4 $1) 27. Qd4 Ree5 28. Rg1 Rh5 29.
Qg4 Qf6 30. Kh3 Ref5 31. Rg3 Rxh4+ 32. Qxh4 Rh5 33. Qxh5 1-0

[Event "Mechanics' SummerTNM; 30/90, SD/30"]
[Site "San Francisco"]
[Date "2014.06.10"]
[Round "3.12"]
[White "Grey, Peter"]
[Black "Campers, Willie"]
[Result "1-0"]
[WhiteElo "2000"]
[BlackElo "1614"]
[PlyCount "77"]
[EventDate "2014.??.??"]

1. e4 e5 2. Nf3 Nc6 3. Bb5 d6 4. d4 Bd7 5. Nc3 Nf6 6. O-O Be7 7. Re1 O-O 8.
Bxc6 bxc6 9. dxe5 Ng4 10. exd6 cxd6 11. h3 Ne5 12. Nxe5 dxe5 13. Be3 Qc8 14.
Qe2 Bb4 15. a3 Ba5 16. b4 Bc7 17. Na4 a5 18. Nc5 Be8 19. Na4 axb4 20. axb4 Kh8
21. Bc5 Rg8 22. Red1 f5 23. Nb6 Bxb6 24. Rxa8 Qxa8 25. Bxb6 f4 26. Bc7 Bg6 27.
Bxe5 Re8 28. Bxf4 Rxe4 29. Qd2 Qe8 30. Be3 h6 31. c3 Kh7 32. Ra1 Qe6 33. Ra7
Re5 34. Qd7 Qf6 35. Bd4 Re1+ 36. Kh2 Qf4+ 37. g3 Qf8 38. Qxg7+ Qxg7 39. Rxg7+
1-0

[Event "Mechanics' Winter TNM; 30/90, SD/30"]
[Site "San Francisco"]
[Date "2014.01.14"]
[Round "2.7"]
[White "Grey, Peter"]
[Black "Delaney, Will"]
[Result "1-0"]
[WhiteElo "2000"]
[BlackElo "1800"]
[PlyCount "59"]
[EventDate "2014.??.??"]

1. d4 Nf6 2. c4 g6 3. Nc3 Bg7 4. Nf3 O-O 5. e4 d6 6. h3 Nbd7 7. Be3 c5 8. d5 a6
9. a4 b6 10. Be2 Ne8 11. O-O Nc7 12. Qd2 Rb8 13. Bh6 Nf6 14. Bxg7 Kxg7 15. e5
Nfe8 16. Qf4 Bd7 17. Ne4 b5 18. axb5 axb5 19. exd6 exd6 20. Nxd6 Rb6 21. Ne4
Qe7 22. Qe5+ Qxe5 23. Nxe5 Bf5 24. Nxc5 f6 25. Ned7 Rd6 26. Nxf8 bxc4 27. Nfe6+
Nxe6 28. Nxe6+ Bxe6 29. dxe6 Rxe6 30. Bxc4 1-0

[Event "Mechanics' Fall TNM; 30/90, SD/30"]
[Site "San Francisco"]
[Date "2014.12.09"]
[Round "7.21"]
[White "Grey, Peter"]
[Black "Donnelly, Patrick Thomas"]
[Result "0-1"]
[WhiteElo "2014"]
[BlackElo "1659"]
[PlyCount "52"]
[EventDate "2014.??.??"]

1. e4 c5 2. Nf3 d6 3. d4 cxd4 4. Nxd4 Nf6 5. Nc3 a6 6. Be3 e5 7. Nb3 Be7 8. h3
O-O 9. Qf3 b5 10. O-O-O Qc7 11. g4 Bb7 12. g5 Nfd7 13. Nd5 Bxd5 14. exd5 f5 15.
gxf6 Nxf6 16. Bd3 Nbd7 17. Rhg1 e4 18. Bxe4 Nxe4 19. Qxe4 Bf6 20. Bd4 Rae8 21.
Bxf6 Nxf6 22. Qd3 Ne4 23. Qd4 Rxf2 24. c3 Qf7 25. Nd2 Nc5 26. Rgf1 Qf5 0-1

[Event "Mechanics' Spring TNM; 30/90, SD/30"]
[Site "San Francisco"]
[Date "2014.04.22"]
[Round "6.9"]
[White "Grey, Peter"]
[Black "Drane, Robert"]
[Result "1/2-1/2"]
[WhiteElo "2000"]
[BlackElo "1800"]
[PlyCount "72"]
[EventDate "2014.??.??"]

1. e4 Nf6 2. e5 Nd5 3. d4 d6 4. Nf3 dxe5 5. Nxe5 c6 6. Be2 Nd7 7. Nf3 g6 8. O-O
Bg7 9. c4 Nc7 10. Nc3 O-O 11. Be3 Re8 12. Qd2 e5 13. dxe5 Nxe5 14. Qxd8 Rxd8
15. Rfd1 Nxf3+ 16. Bxf3 Bf5 17. Rxd8+ Rxd8 18. Rd1 Rxd1+ 19. Nxd1 Bb1 20. a3
Bd3 21. Bxa7 Bxc4 22. Ne3 Bb3 23. Bd1 Bxd1 24. Nxd1 Nd5 25. g3 f5 26. Kf1 Kf7
27. Ke2 Ke6 28. Kd3 Be5 29. Bd4 Bd6 30. b4 h5 31. Nc3 Nxc3 32. Kxc3 Kd5 33. f3
Bc7 34. Kd3 Bd6 35. Kc3 Bc7 36. Kd3 Bd6 1/2-1/2

[Event "Mechanics' Winter TNM; 30/90, SD/30"]
[Site "San Francisco"]
[Date "2014.02.25"]
[Round "8.11"]
[White "Grey, Peter"]
[Black "Kottcamp, Jeff"]
[Result "1/2-1/2"]
[WhiteElo "2000"]
[BlackElo "1678"]
[PlyCount "78"]
[EventDate "2014.??.??"]

1. e4 c5 2. Nf3 d6 3. d4 cxd4 4. Nxd4 Nf6 5. Nc3 a6 6. Bg5 e6 7. f4 Be7 8. Qf3
Qc7 9. O-O-O Nbd7 10. Bd3 h6 11. Bh4 b5 12. Rhe1 b4 13. Nd5 Nxd5 14. exd5 Bxh4
15. dxe6 O-O 16. exd7 Bb7 17. Qg4 Bxe1 18. Nf5 Bc3 19. bxc3 Qxc3 20. Nxh6+ Kh8
21. Nxf7+ Rxf7 22. Qh4+ Kg8 23. Bh7+ Kh8 24. Bg6+ Kg8 25. d8=Q+ Rxd8 26. Qxd8+
Rf8 27. Qxd6 Bxg2 28. Qd4 Qc7 29. Qe5 Qc4 30. Rd7 Qxf4+ 31. Qxf4 Rxf4 32. Rd8+
Rf8 33. Rxf8+ Kxf8 34. Kb2 Ke7 35. Kb3 Bd5+ 36. Kxb4 Bxa2 37. Bd3 Kd6 38. Bxa6
g5 39. c4 Bxc4 1/2-1/2

[Event "Mechanics' Winter TNM; 30/90, SD/30"]
[Site "San Francisco"]
[Date "2014.01.28"]
[Round "4.5"]
[White "Grey, Peter"]
[Black "Manvelyan, Hovik"]
[Result "1/2-1/2"]
[WhiteElo "2000"]
[BlackElo "1925"]
[Annotator "Donaldson"]
[PlyCount "48"]
[EventDate "2014.??.??"]

1. e4 e6 2. d4 d5 3. Nc3 Bb4 4. Bd3 Nc6 5. Nge2 dxe4 6. Bxe4 Nf6 7. Bf3 e5 8.
Bxc6+ bxc6 9. Bg5 h6 10. Bh4 exd4 11. Qxd4 Qxd4 12. Nxd4 O-O 13. O-O Bd7 14.
Rad1 Nd5 15. Nde2 Rab8 16. Nxd5 cxd5 17. c4 (17. Rxd5 $4 Bb5) 17... Bd6 18. c5
Bxc5 19. Rxd5 Bd6 20. Rd2 Bb5 21. Rfd1 Rfe8 22. Nc3 Ba6 23. Bg3 Bxg3 24. hxg3
Bc4 1/2-1/2

[Event "Mechanics' Fall TNM; 30/90, SD/30"]
[Site "San Francisco"]
[Date "2014.10.21"]
[Round "1.16"]
[White "Grey, Peter"]
[Black "McKellar, Daniel"]
[Result "1/2-1/2"]
[WhiteElo "2014"]
[BlackElo "1496"]
[Annotator "Donaldson"]
[PlyCount "65"]
[EventDate "2014.??.??"]

1. Nf3 d5 2. d4 Nf6 3. c4 c6 4. Nc3 e6 5. e3 Nbd7 6. Qc2 a6 7. b3 Bd6 8. Be2
O-O 9. O-O Re8 10. Rd1 Nf8 11. e4 dxe4 12. Nxe4 Nxe4 13. Qxe4 f5 14. Qc2 Qc7
15. Bb2 Ng6 16. Bd3 (16. c5 Be7 17. Bc4 $16) 16... b5 17. Re1 Bb7 18. a4 (18.
c5 $1) 18... bxc4 $2 (18... c5 $1 $11) 19. bxc4 $2 (19. Bxc4 Nf8 20. Qxf5 $18)
19... Nf4 (19... c5) 20. Bf1 $2 (20. c5 $1) 20... c5 $1 21. dxc5 Bxc5 22. Be5
Bd6 23. Bxd6 Qxd6 24. Ne5 Rad8 25. Rad1 Qc5 26. Rxd8 Rxd8 27. g3 Nh5 28. Bg2
Bxg2 29. Kxg2 Nf6 30. f3 Qb4 31. Re2 Qc5 32. Nd3 Qd6 33. Ne5 1/2-1/2

[Event "Mechanics' Fall TNM; 30/90, SD/30"]
[Site "San Francisco"]
[Date "2014.12.02"]
[Round "6.13"]
[White "Grey, Peter"]
[Black "Newey, Richard"]
[Result "0-1"]
[WhiteElo "2014"]
[BlackElo "1747"]
[PlyCount "80"]
[EventDate "2014.??.??"]

1. d4 Nf6 2. Nf3 d5 3. c4 c6 4. Qc2 g6 5. Nc3 Bf5 6. Qb3 Qb6 7. c5 Qxb3 8. axb3
Na6 9. Bf4 Nb4 10. Kd2 Ne4+ 11. Nxe4 dxe4 12. Ne1 Nd5 13. e3 Nxf4 14. exf4 Bg7
15. Ke3 a6 16. f3 Rd8 17. Ra4 exf3 18. Nxf3 O-O 19. h3 Be6 20. Bc4 Bd7 21. Raa1
Be6 22. Rad1 Bd5 23. Bxd5 Rxd5 24. Rd3 Rfd8 25. Rhd1 Bf6 26. g4 e6 27. g5 Bg7
28. b4 Kf8 29. h4 Ke7 30. Ne5 Bxe5 31. fxe5 Rh8 32. Rf1 h6 33. gxh6 Rxh6 34.
Rf4 Rd8 35. Ke4 Rdh8 36. Rh3 g5 37. Rg4 Rxh4 38. Rgxh4 Rxh4+ 39. Rxh4 gxh4 40.
Kf4 f5 0-1

[Event "Mechanics' Whitehead TNM; 30/90, SD/30"]
[Site "San Francisco"]
[Date "2014.08.05"]
[Round "1.16"]
[White "Grey, Peter"]
[Black "Olson, David R"]
[Result "1/2-1/2"]
[WhiteElo "2000"]
[BlackElo "1407"]
[PlyCount "100"]
[EventDate "2014.??.??"]

1. e4 e5 2. Nf3 d6 3. d4 exd4 4. Nxd4 g6 5. Nc3 a6 6. Be3 Bg7 7. Qd2 Nd7 8.
O-O-O c5 9. Nde2 Ne5 10. Qxd6 Qxd6 11. Rxd6 Nc4 12. Bxc5 Nxd6 13. Bxd6 Bf8 14.
Be5 f6 15. Bd4 Kf7 16. Nf4 b5 17. Be2 Bh6 18. Be3 Ne7 19. h4 Bb7 20. g4 Bxf4
21. Bxf4 h6 22. Be3 f5 23. gxf5 Nxf5 24. Bb6 Rhe8 25. f3 Ng3 26. Re1 Re6 27.
Be3 Nf5 28. exf5 Rxe3 29. Bc4+ bxc4 30. fxg6+ Kxg6 31. Rxe3 Rf8 32. Ne4 Rf4 33.
Nd6 Bd5 34. Kd2 Rxh4 35. b3 Rf4 36. Ke2 h5 37. Nxc4 Bxc4+ 38. bxc4 Rxc4 39.
Re6+ Kg5 40. Rxa6 Rxc2+ 41. Ke3 h4 42. f4+ Kh5 43. Ra5+ Kg4 44. Rg5+ Kh3 45. a4
Rc3+ 46. Kd4 Rg3 47. a5 Ra3 48. Ke4 Ra4+ 49. Ke3 Ra3+ 50. Ke4 Ra4+ 1/2-1/2

[Event "Mechanics' Spring TNM; 30/90, SD/30"]
[Site "San Francisco"]
[Date "2014.04.15"]
[Round "5.11"]
[White "Grey, Peter"]
[Black "Poling, Scott"]
[Result "1/2-1/2"]
[WhiteElo "2000"]
[BlackElo "1659"]
[PlyCount "84"]
[EventDate "2014.??.??"]

1. Nf3 d5 2. d4 Nf6 3. c4 c6 4. Qc2 Bg4 5. Ne5 Bh5 6. e3 Nbd7 7. Nxd7 Qxd7 8.
Nc3 e6 9. Bd2 Bg6 10. Qb3 Bd6 11. Be2 O-O 12. Bf3 Rac8 13. cxd5 exd5 14. h3
Rfe8 15. Rc1 Bb8 16. a4 Ne4 17. Nxe4 Bxe4 18. Bxe4 Rxe4 19. a5 a6 20. Bb4 Rce8
21. Qc3 f5 22. O-O f4 23. exf4 Bxf4 24. Rce1 Bc7 25. Rxe4 Rxe4 26. Re1 Qe6 27.
Rxe4 Qxe4 28. Qe1 Qxe1+ 29. Bxe1 Kf7 30. f3 Ke6 31. g3 Kf5 32. Kf2 Bd6 33. b4
Be7 34. Ke3 h5 35. f4 g5 36. fxg5 Bxg5+ 37. Kf3 Be7 38. Bd2 Bd6 39. Be1 Bf8 40.
Bd2 Bg7 41. Be3 Bf6 42. Bf2 Be7 1/2-1/2

[Event "Mechanics' SummerTNM; 30/90, SD/30"]
[Site "San Francisco"]
[Date "2014.07.08"]
[Round "7.15"]
[White "Grey, Peter"]
[Black "Rakonitz, David"]
[Result "1-0"]
[WhiteElo "2000"]
[BlackElo "1558"]
[PlyCount "119"]
[EventDate "2014.??.??"]

1. e4 e6 2. d4 d5 3. Nc3 dxe4 4. Nxe4 Nd7 5. g3 Ngf6 6. Nxf6+ Nxf6 7. Bg2 c5 8.
Ne2 cxd4 9. Qxd4 Qxd4 10. Nxd4 Bc5 11. Nb3 Bb6 12. O-O Ke7 13. Bf4 Rd8 14. c4
Nd7 15. Rad1 e5 16. Bd2 a5 17. Bc3 f6 18. Rfe1 Kf8 19. c5 Bc7 20. c6 bxc6 21.
Bxc6 Ra7 22. Rd5 Nb8 23. Rxd8+ Bxd8 24. Ba4 Bb6 25. Rd1 Ke7 26. Rd5 Bb7 27. Rb5
Nd7 28. Nxa5 Bf3 29. Bb3 Bc5 30. a3 Rc7 31. Nc4 Be2 32. Bb4 Bxb4 33. Rxb4 Bf3
34. Kf1 Nc5 35. Nd2 Bb7 36. Ke2 Nxb3 37. Rxb3 Ba6+ 38. Ke3 Rc6 39. Rc3 Rxc3+
40. bxc3 Kd6 41. f4 Kd5 42. c4+ Kd6 43. fxe5+ Kxe5 44. Nf3+ Kd6 45. Kd4 Kc6 46.
Nd2 Bc8 47. Ne4 Be6 48. c5 Bb3 49. Nd6 Bd1 50. Ne8 g6 51. Nxf6 h5 52. Nd5 Kd7
53. Nc3 Bf3 54. a4 Ke6 55. Ne4 Kf5 56. Nf2 Bc6 57. a5 Ke6 58. a6 Ba8 59. Nd3 g5
60. Ne5 1-0

[Event "Mechanics' Spring TNM; 30/90, SD/30"]
[Site "San Francisco"]
[Date "2014.05.06"]
[Round "8.8"]
[White "Grey, Peter"]
[Black "Sahin, Ozgur"]
[Result "0-1"]
[WhiteElo "2000"]
[BlackElo "1913"]
[PlyCount "44"]
[EventDate "2014.??.??"]

1. d4 Nf6 2. c4 e6 3. g3 d5 4. Nf3 c6 5. Bg2 Be7 6. O-O O-O 7. Qc2 Nbd7 8. Rd1
Re8 9. Bf4 Nf8 10. Nc3 Ng6 11. Bg5 h6 12. Bxf6 Bxf6 13. e4 dxc4 14. a4 Qc7 15.
Nd2 Bxd4 16. Nxc4 e5 17. Rd3 Be6 18. Ne3 Rad8 19. Ne2 Qb6 20. Nxd4 exd4 21. Nc4
Bxc4 22. Qxc4 Ne5 0-1

[Event "Mechanics' Fall TNM; 30/90, SD/30"]
[Site "San Francisco"]
[Date "2014.11.18"]
[Round "4.28"]
[White "Grey, Peter"]
[Black "Simpkins, Jerry"]
[Result "1-0"]
[WhiteElo "2014"]
[BlackElo "1500"]
[Annotator "Donaldson"]
[PlyCount "23"]
[EventDate "2014.??.??"]

1. e4 e5 2. Nf3 f5 3. Nxe5 d6 $4 (3... Qf6) 4. Qh5+ g6 5. Nxg6 Nf6 6. Qh4 Rg8
7. Nxf8 Kxf8 8. Bc4 Rxg2 9. Qh6+ Ke7 10. d3 fxe4 11. Bg5 Nbd7 12. Qxh7+ 1-0

[Event "Mechanics' SummerTNM; 30/90, SD/30"]
[Site "San Francisco"]
[Date "2014.07.01"]
[Round "6.5"]
[White "Grey, Peter"]
[Black "Tsodikova, Natalya"]
[Result "0-1"]
[WhiteElo "2000"]
[BlackElo "2202"]
[Annotator "Donaldson"]
[PlyCount "66"]
[EventDate "2014.??.??"]

1. e4 c5 2. Nf3 d6 3. d4 cxd4 4. Nxd4 Nf6 5. Nc3 a6 6. Bg5 e6 7. f4 Be7 8. Qf3
h6 9. Bh4 Nbd7 10. O-O-O Qc7 11. Bd3 g5 12. fxg5 Ne5 13. Qe2 Nfg4 14. Nf3 Nxf3
15. gxf3 hxg5 16. Bg3 Ne5 17. f4 gxf4 18. Bxf4 Bd7 19. Bxe5 $6 (19. Rdf1 {
is more commonly played.}) 19... dxe5 20. h4 $6 O-O-O 21. h5 Bg5+ 22. Kb1 Rh6
23. Qg4 f6 24. Ne2 Rdh8 25. Rh3 Qc5 26. Rdh1 Qe7 27. Ng1 Bc6 28. R1h2 Bf4 29.
Rg2 f5 30. Qg7 Qxg7 31. Rxg7 Rxh5 32. Rxh5 Rxh5 33. exf5 exf5 0-1

[Event "Mechanics' Spring TNM; 30/90, SD/30"]
[Site "San Francisco"]
[Date "2014.03.25"]
[Round "2.17"]
[White "Grey, Peter"]
[Black "Vichik, Adam"]
[Result "1-0"]
[WhiteElo "2000"]
[BlackElo "1482"]
[Annotator "Donaldson"]
[PlyCount "31"]
[EventDate "2014.??.??"]

1. e4 e6 2. Nf3 d5 3. Nc3 Nf6 4. e5 Nfd7 5. d4 c5 6. dxc5 Bxc5 7. Bd3 Nc6 8.
Bf4 Qb6 $6 (8... f6) (8... Be7) 9. O-O Qxb2 $2 10. Nb5 Kd8 11. Bd2 d4 12. Qe2
a6 13. Rfb1 Qxa1 14. Rxa1 axb5 15. Bxb5 h6 16. a4 1-0

[Event "Mechanics' Whitehead TNM; 30/90, SD/30"]
[Site "San Francisco"]
[Date "2014.08.26"]
[Round "4.6"]
[White "Grey, Peter"]
[Black "Winslow, Elliott"]
[Result "0-1"]
[WhiteElo "2000"]
[BlackElo "2254"]
[Annotator "Donaldson"]
[PlyCount "59"]
[EventDate "2014.??.??"]

1. d4 Nf6 2. c4 e6 3. Nf3 c5 4. d5 exd5 5. cxd5 d6 6. Nc3 g6 7. Bf4 a6 8. a4
Bg7 9. h3 O-O 10. e3 Qe7 11. Be2 Nbd7 12. O-O b6 ({more common is} 12... Ne8 {
preparing ...Ne5. If pieces are exchanged on that square Black recaptures with
pieces and not the pawn on d6.} 13. Nd2 Ne5 14. Bh2 f5 {This space grabbing
manuever is another benefit of ...Ne8. Blacks follows up ...f5 with ...Nf6 and
...Bd7 with equal chances.}) 13. Nd2 Rb8 14. Nc4 Ne8 15. Qd2 Ne5 16. e4 Nxc4
17. Bxc4 b5 18. axb5 axb5 19. Nxb5 Qxe4 20. Rac1 Bd7 (20... Qe7 21. b4 Bd7 22.
Rfe1 Qf6) 21. Rfe1 Qf5 22. g4 (22. Rxe8 Bxe8 23. Nxd6 Qd7 24. b3 {
intending Ne4 offers good compensation for the pawn.}) 22... Qf6 23. Bg5 Qxb2
24. Rc2 $2 {White thought he was trapping Black's queen.} (24. Qxb2 Bxb2 25.
Rb1 Bf6 26. Bxf6 Nxf6 27. Nxd6 $11) 24... Qb4 {One square is enough.} 25. Qxb4
cxb4 26. Rxe8 Rfxe8 27. Nxd6 Re1+ 28. Kg2 h6 29. Bd2 Ra1 30. Rc1 {
White lost on time in a losing position.} 0-1

[Event "Mechanics' SummerTNM; 30/90, SD/30"]
[Site "San Francisco"]
[Date "2014.06.17"]
[Round "4.9"]
[White "Grey, Peter"]
[Black "Zhao, Audrey"]
[Result "1-0"]
[WhiteElo "2000"]
[BlackElo "1788"]
[Annotator "Donaldson"]
[PlyCount "51"]
[EventDate "2014.??.??"]

1. e4 c5 2. Nf3 d6 3. d4 cxd4 4. Nxd4 Nf6 5. Nc3 a6 6. h3 e5 7. Nb3 Be6 8. Be3
Be7 9. f4 Qc7 (9... exf4 10. Bxf4 Nc6 11. Qe2) 10. Qe2 (10. f5 Bc4 11. g4 h6
12. Bxc4 Qxc4 13. Qf3 (13. Qe2 Qxe2+ 14. Kxe2)) 10... b5 (10... exf4 11. Bxf4
Nc6) 11. O-O-O Nbd7 12. g4 Bc4 13. Qf3 Bxf1 14. Rhxf1 Nb6 $2 (14... Rc8) (14...
b4) 15. fxe5 dxe5 16. g5 Rc8 17. gxf6 Bxf6 18. Bxb6 Qxb6 19. Nd5 Bg5+ 20. Kb1
Qe6 21. Ne3 O-O 22. Rd5 Qb6 23. Nf5 Qc7 24. c3 f6 25. Rfd1 Rcd8 26. Nc5 1-0

[Event "Mechanics' Fall TNM; 30/90, SD/30"]
[Site "San Francisco"]
[Date "2014.12.16"]
[Round "8.22"]
[White "Hack, Richard"]
[Black "Eytan, David"]
[Result "1-0"]
[WhiteElo "1664"]
[BlackElo "1496"]
[PlyCount "117"]
[EventDate "2014.??.??"]

1. e4 c5 2. Nf3 Nc6 3. d4 cxd4 4. Nxd4 g6 5. c4 Bg7 6. Be3 d6 7. Nc3 Nf6 8.
Nxc6 bxc6 9. Be2 Qa5 10. O-O O-O 11. Rc1 Rb8 12. b3 Bb7 13. f4 c5 14. Bf3 Nd7
15. e5 Bxf3 16. Rxf3 Rfd8 17. Nd5 dxe5 18. Nxe7+ Kh8 19. Nc6 Qc7 20. Nxb8 Nxb8
21. Qc2 Nc6 22. Bxc5 exf4 23. Rd3 Re8 24. Kf1 Ne5 25. Bd6 Qa5 26. Bxe5 Qxe5 27.
Qf2 f3 28. Rxf3 Qxh2 29. Rh3 Qc7 30. Re1 Rd8 31. Rhe3 Bd4 32. Re8+ Kg7 33. Qh4
Bf6 34. Qh3 Qf4+ 35. Qf3 Qh4 36. Rxd8 Bxd8 37. Rd1 Be7 38. Rd7 Qh1+ 39. Ke2 Qh4
40. c5 Qg5 41. c6 Qe5+ 42. Kd3 Bf6 43. Qe4 Qc3+ 44. Ke2 Qb2+ 45. Rd2 Qa3 46. c7
Qa6+ 47. Qc4 Qc8 48. Rd5 Qe6+ 49. Kd3 Qc8 50. Rb5 Qd7+ 51. Rd5 Qc8 52. Qc6 Bh4
53. Qd7 Qa6+ 54. Rb5 Qxa2 55. c8=Q Qxg2 56. Qd4+ Kh6 57. Qf4+ Bg5 58. Rxg5 Qxg5
59. Qxg5+ 1-0

[Event "Mechanics' Whitehead TNM; 30/90, SD/30"]
[Site "San Francisco"]
[Date "2014.09.16"]
[Round "7.19"]
[White "Hack, Richard"]
[Black "Flores, David"]
[Result "0-1"]
[WhiteElo "1570"]
[BlackElo "1793"]
[PlyCount "100"]
[EventDate "2014.??.??"]

1. e4 e5 2. Nf3 Nc6 3. Bb5 Nge7 4. d4 exd4 5. Nxd4 Ng6 6. Nc3 Be7 7. Be3 O-O 8.
f4 a6 9. Ba4 Nxd4 10. Qxd4 b5 11. Bb3 c5 12. Qd5 Rb8 13. a4 Bb7 14. Qd2 b4 15.
Nd5 Bxd5 16. Bxd5 Qc7 17. Bc4 Rb6 18. O-O Rc6 19. Rad1 d6 20. Qe2 Bf6 21. b3
Re8 22. Bd5 Rb6 23. Qh5 Rbb8 24. Rf3 Nf8 25. Rg3 Re7 26. Qf5 Kh8 27. Rh3 Bc3
28. g4 Rbe8 29. g5 g6 30. Qg4 Rxe4 31. Bxe4 Rxe4 32. Qf3 Qe7 33. Kf1 Kg8 34.
Rd5 Qe6 35. Rd3 Bg7 36. Bf2 Nd7 37. Re3 d5 38. Qg2 f5 39. gxf6 Nxf6 40. Rxe4
Nxe4 41. Rd3 Qf5 42. Qf3 Kf7 43. Bg3 c4 44. bxc4 dxc4 45. Rd1 Bf6 46. Qe3 Be7
47. Qd4 Nxg3+ 48. hxg3 Qxc2 49. Qd5+ Kf8 50. Qa8+ Kg7 {White appears to have
lost on time, as the position is equal and both scoresheets (seemingly
complete) end here.} 0-1